LEADER 01205nam 2200325Ia 450 001 996395116303316 005 20221107224014.0 035 $a(CKB)4330000000318112 035 $a(EEBO)2264215179 035 $a(OCoLC)07918781 035 $a(EXLCZ)994330000000318112 100 $a19811109d1656 uy | 101 0 $aeng 135 $aurbn||||a|bb| 200 13$aAn exposition with practical observations continued upon the fourth, fifth, sixth, and seventh chapters of the Book of Job$b[electronic resource] $ebeing the substance of XXXV lectures delivered at Magnus near the bridge, London /$fby Joseph Caryl 210 $aLondon $cPrinted for L. Fawne, L. Lloyd, and M. Simmons$d1656 215 $a[9], 725, [26] p 300 $aIncludes index. 300 $aReproduction of original in the British Library. 330 $aeebo-0018 700 $aCaryl$b Joseph$f1602-1673.$01003625 801 0$bUMI 801 1$bUMI 801 2$bOCL 801 2$bUMI 801 2$bWaOLN 906 $aBOOK 912 $a996395116303316 996 $aAn exposition with practical observations continued upon the fourth, fifth, sixth, and seventh chapters of the Book of Job$92415408 997 $aUNISA